|
|
|
|
| LEADER |
00000naa2a2200000 4500 |
| 001 |
625773 |
| 005 |
20231101133359.0 |
| 035 |
|
|
|a (RuTPU)RU\TPU\conf\25033
|
| 035 |
|
|
|a RU\TPU\conf\25030
|
| 090 |
|
|
|a 625773
|
| 100 |
|
|
|a 20171220d2017 k y0rusy50 ca
|
| 101 |
0 |
|
|a rus
|
| 102 |
|
|
|a RU
|
| 105 |
|
|
|a y z 101zy
|
| 135 |
|
|
|a drgn ---uucaa
|
| 181 |
|
0 |
|a i
|
| 182 |
|
0 |
|a b
|
| 200 |
1 |
|
|a Уровни мотивации к овладению творческой компетентностью в области "Интеллектуальной электроэнергетики"
|f Т. В. Мясникова
|
| 203 |
|
|
|a Текст
|c электронный
|
| 225 |
1 |
|
|a Методология формирования и оценки компетенций в подготовке инженеров в области Smart systems
|
| 230 |
|
|
|a 1 компьютерный файл (pdf; 233 Kb)
|
| 300 |
|
|
|a Заглавие с титульного экрана
|
| 320 |
|
|
|a [Библиогр.: с. 187-188 (5 назв.)]
|
| 461 |
|
1 |
|0 (RuTPU)RU\TPU\conf\24578
|t Интеллектуальные энергосистемы
|o труды V Международного молодёжного форума, 9-13 октября 2017 г., г. Томск
|o в 3 т.
|f Национальный исследовательский Томский политехнический университет (ТПУ), Энергетический институт (ЭНИН)
|d 2017
|
| 463 |
|
1 |
|0 (RuTPU)RU\TPU\conf\24584
|t Т. 3
|v [С. 184-188]
|d 2017
|
| 610 |
1 |
|
|a электронный ресурс
|
| 610 |
1 |
|
|a мотивация
|
| 610 |
1 |
|
|a творческие компетенции
|
| 610 |
1 |
|
|a электроэнергетика
|
| 610 |
1 |
|
|a электротехническое оборудование
|
| 610 |
1 |
|
|a управляемые линии
|
| 610 |
1 |
|
|a линии электропередачи
|
| 610 |
1 |
|
|a Smart grid
|
| 700 |
|
1 |
|a Мясникова
|b Т. В.
|
| 712 |
0 |
2 |
|a Чувашский государственный университет (ЧГУ)
|c (Чебоксары)
|2 stltpush
|3 (RuTPU)RU\TPU\col\299
|
| 801 |
|
2 |
|a RU
|b 63413507
|c 20180119
|g RCR
|
| 856 |
4 |
|
|u http://earchive.tpu.ru/handle/11683/45963
|
| 942 |
|
|
|c BK
|